| 000 | 00562nam a2200181Ia 4500 | ||
|---|---|---|---|
| 003 | OSt | ||
| 005 | 20250625113002.0 | ||
| 008 | 210210b1993 xxu||||| |||| 00| 0 eng d | ||
| 040 | _cal | ||
| 082 | _aK894.7 KARV | ||
| 100 |
_aKARNATAKA SAHITYA AKADEMI _9197984 _dಕರ್ನಾಟಕ ಸಾಹಿತ್ಯ ಅಕಾಡೆಮಿ |
||
| 245 |
_aVinoda sahitya 1992. _bವಿನೋದ ಸಾಹಿತ್ಯ |
||
| 260 |
_aBengaluru _bKarnataka Sahitya Akademi _c1993 |
||
| 300 | _axvi,240 | ||
| 690 |
_aKannada Humour _9197985 |
||
| 906 | _a047987 | ||
| 942 |
_2ddc _cBK |
||
| 999 |
_c96791 _d96791 |
||